Quizzes
Events
Quiz Creation
Community
Videos
Private Events
Remove Ads
Sign In
Join for FREE
Feedback
Dark Mode
Quiz Categories
Sports
Geography
Music
Movies
Television
Just For Fun
Miscellaneous
History
Literature
Language
Science
Gaming
Entertainment
Religion
Holiday
For Kids
Quiz Lab
Recent
Popular Today
Quiz Kudos Today
Editor Picks
Curator Picks
Quizzes by...
Day
Popularity
Type
Ratings
Length
Year
Community
Subscriptions
Recent Discussions
Orange Saloon
Badges
Playlists
Quests
Create
Leaderboards
Showdown
Live 5
Trivia Bingo
Activity
Puzzle Library
Sporcle Events
Private Events
Virtual Trivia
Globe League
Become a Host
Pub Owners
SporcleCon
Opinionation
Our Games
Videos
Blog
Mobile Apps
Partnerships
Remove Ads and Go Orange
Feedback
Miscellaneous
Crossword
General Knowledge
Baby Names
Logo
Food
Cars
Numbers
Grab Bag
University
College
Popular
Company
Slogans
Restaurants
Justice
Letter
Miscellaneous
Crossword
General Knowledge
Baby Names
Logo
Food
Cars
Numbers
Grab Bag
University
College
Popular
Company
Slogans
Restaurants
Justice
Letter
Random Quiz
Search Sporcle
×
Quiz Lab
Quiz Lab
Miscellaneous
police
Type in answers that appear in a list
Type in answers that appear in a list
Classic
Best Score? Go Orange.
Slang Terms for Police Stats
Can you name the slang terms for 'police'?
By
big_country
8m
61 Questions
636 Plays
636 Plays
636 Plays
Comments
Comments
Give Quiz Kudos
Give Quiz Kudos
-
- Ratings
hide this ad
Replay
Link that replays current quiz
Next Quiz
Link to next quiz in quiz playlist
You Got
0%
They Got
Avg Score
9%
Avg Friend Score
Upgrade to see
Score Distribution
Jump to the score distribution portion of the page
Score
0/61
Timer
08:00
0
Plays Today
% Correct
Cops
86%
Pigs
76.4%
Po-Po
61.3%
Fuzz
53.9%
5-0
45.8%
Bacon
21.9%
Laws
18.4%
Bobby
18.1%
Feds
17.9%
Boys in Blue
17.5%
The Man
16%
The Heat
14.6%
Old Bill
12.9%
Rozzers
10.2%
Filth
10.1%
Peeler
7.9%
Scum
7.9%
Flatfoot
6.1%
Johnny Law
6.1%
Mr. Plod
5.5%
The Thin Blue Line
4.2%
(name of city)'s Finest
4.1%
Smokey
4.1%
Barney
3.8%
Bear
3.8%
The Guards
3.5%
Bizzies
3.3%
Sweeney
3.3%
One Time
3%
Jake
2.8%
Rollers
2.5%
% Correct
Woodentops
2.5%
Blue Meanies
2.2%
Bulls
2.2%
Babylon
2%
Mama
1.9%
Dibble
1.7%
Heavies
1.4%
Bluebottle
1.3%
Bronze
1.3%
Cherry Toppers
1.3%
Blue Heelers
1.1%
First Bunch of Idiots
1.1%
The Gaver
1.1%
Po-9
1.1%
Rashers
1.1%
Wallopers
1.1%
Berry
0.9%
Scuffers
0.9%
Bottles
0.8%
Crusher
0.8%
Member
0.8%
Penelope's
0.8%
Snippers
0.8%
Soggies
0.8%
Tyre Biters
0.8%
Do-Do Nutters
0.6%
DRC
0.6%
Folks
0.6%
Horseman
0.6%
Pandu Hawaldar
0.6%
Quiz Playlist
Details
Report
Send in Message
Add To Playlist
Classic:
Type in answers that appear in a list
Quiz Source
Last Updated: Feb 16, 2017
Quiz Scoreboard
CHALLENGE
Sign Up to Join the Scoreboard
Show All
Scores
Hide
Comments
May contain spoilers
Recently Published
Popular People in 1961
by mucciniale
History
6m
1-10 Letter E Words III
by El_Dandy
Language
2m
One Thing in Common: World Cities II
by knightlancer
Geography
7m
More to Explore
Quiz From the Vault
Featured Blog Post
Where Did the Easter Bunny Come From?
hide this ad
You Might Also Like...
Tags
police
slang
Term
Today's Top Quizzes in Miscellaneous
Browse Miscellaneous
hide this ad
Today's Top Quizzes in police
Browse police
Top Contributed Quizzes in Miscellaneous
1
The JOE quick-fire general knowledge quiz: Day 173
2
The JOE quick-fire general knowledge quiz: Day 172
3
Sunday Crossword: Famous Bodies of Water
4
sort kpop groups by number of members
5
Named After an Animal - Odd One Out!
6
One Thing in Common: United Kingdom II
7
Lays Potato Chip Flavour Contest Finalists
8
The JOE quick-fire general knowledge quiz: Day 171
9
The JOE quick-fire quiz: Day 170
10
Parts Of A Small Engine
Explore More
Trending Topics
Disney
Harry Potter
Anime
Kpop
Crossword
NBA
Marvel
NFL
Country
Pokémon
Soccer
Puzzle
WWE
Song
The Office
hide this ad
More By:
big_country
Quiz
Plays
Rating
Category
Featured
Created
Slang Terms for Police
636
2.40
Miscellaneous
Feb 24, 2010
Nickelodeon Shows From The 90's
326
Television
Feb 13, 2010
Slang Terms for Money
324
1.00
Miscellaneous
Feb 24, 2010
Celebrity Jeopardy
253
1.50
Television
Mar 1, 2010
Backyard Baseball original characters
121
Gaming
Aug 7, 2010
Go to Creator's Profile
Score Distribution
Quiz Creator Spotlight
big_country
Follow
Send a Message
Quizzes Created
-
Created Quiz Play Count
-
More By This Creator
Popular Quizzes Today
1
Find the US States - No Outlines Minefield
2
The Countries of the World
3
Popular People in 1961
4
Find the Countries of Europe - No Outlines Minefield
5
1-10 Letter E Words III
6
Find the US States
7
One Thing in Common: World Cities II
8
US States
More Miscellaneous Quizzes
Missing Classical Elements
Published
Trending Quizzes
1-10 Letter F Words
One Thing in Common: Music
1-10 Letter G Words
Risky Map Clicking: Next State Alphabetically
1-10 Letter F Words II
Recently Updated
Leaping Animals
pecheneg
Reality TV Shows (A-Z)
bhenderson79
Rickey Henderson's Hall of Fame Teammates
pecheneg
Champions League XIs: Arsenal
pecheneg
Quick Pick: Celebrities in WWE's Hall of Fame
aduchscher
A-Z Keypad Blitz II
pecheneg
Multiple Oscar Actors
pecheneg
Mystery Phrase Blitz: Oscar 'Best Actors'
pecheneg
F. Scott Fitzgerald Novels
LTH
Pick 3 Villains
ddd62291
Trending Topics
Kpop
Marvel
Harry Potter
Anime
Crossword
NBA
Disney
Pokémon
Song
Puzzle
Soccer
WWE
NFL
Country
The Office
Your Account Isn't Verified!
In order to create a playlist on Sporcle, you need to verify the email address you used during registration. Go to your
Sporcle Settings
to finish the process.
Report this User
Report this user for behavior that violates our
Community Guidelines
.
Details:
Send Report
Go to the Sporcle.com Mobile Site →
Comments